NBA Who Am I? - Statistics

General Stats
  • This quiz has been taken 34 times
  • The average score is 10 of 16
Answer Stats
Picture Answer % Correct
LeBron James
96%
Victor Wembanyama
96%
Al Horford
84%
Trae Young
84%
Domantas Sabonis
80%
Darius Garland
64%
DeAndre Jordan
64%
Deangelo Russell
64%
Jalen Green
60%
John Collins
48%
Malik Beasley
48%
Jalen Williams
44%
Joe Ingles
44%
Terry Rozier
40%
Daniel Gafford
32%
Jalen Suggs
32%
No matching quizzes found
Score Distribution
Percent of People with Each Score
Percentile by Number Answered
Your Score History
You have not taken this quiz